000 00437nam a2200157Ia 4500
008 210716s2012 xx 000 0 und d
020 _a9788174469946
041 _aeng
082 _a657.3 SURD
100 _aSur, Debasish.
245 _aFinancial statement analysis: a comprehensive approach.
_bComprehensive approach.
250 _a1
260 _aNew Delhi
_bExcel Books
_c2012
300 _ax,258
650 _aFinancial Management
999 _c207238
_d207238